| 000 | 02442nam1a2200325 i 4500 | ||
|---|---|---|---|
| 001 | RU\NLR\BIBL_A\012403524 | ||
| 005 | 20241115073252.0 | ||
| 035 | _a(NLR Aleph) 012403524 | ||
| 090 |
_a11738083 _c11738083 |
||
| 100 | _a20201113g20209999k y0rusy50 ca | ||
| 101 | 0 | _arus | |
| 102 | _aRU | ||
| 105 | _a z | ||
| 181 | 0 |
_ai _baxxe |
|
| 182 | 0 | _an | |
| 200 | 1 |
_aИнтеллектуальные информационные системы: теория и практика _eсборник научных статей по материалам I Всероссийской конференции 20-22 апреля 2020 года _fФГБОУ ВО "Курский государственный университет", Факультет физики, математики, информатики, Кафедра программного обеспечения и администрирования информационных систем _g[редакционная коллегия: К. С. Макаров, канд. техн. наук (отв. ред.) и др.] |
|
| 203 |
_aТекст _bвизуальный _cнепосредственный |
||
| 210 |
_aКурск _cДеловая полиграфия _cКурский государственный университет _d2020 |
||
| 215 | _d25 | ||
| 606 |
_aИнтеллектуальные информационные системы _jСъезды, совещания и т.п _92178134 _3RU\NLR\AUTH\661309984 |
||
| 686 | 1 | _aЗ973.23я431(2) | |
| 702 | 1 |
_4340 _7ca _8rus _aМакаров _bК. С. _cканд. техн. наук, информатика _f1990- _gКонстантин Сергеевич _9223534 _3RU\NLR\AUTH\770223590 |
|
| 711 | 1 | 2 |
_a"Интеллектуальные информационные системы: теория и практика", всероссийская научно-техническая конференция _d1 _eКурск _f2020 _9724294 _3RU\NLR\AUTH\880531105 |
| 712 | 0 | 2 |
_4570 _aКурский государственный университет _bКафедра программного обеспечения и администрирования информационных систем _9724296 _3RU\NLR\AUTH\880531106 |
| 852 |
_aNLR _j2020-7/4652 |
||
| 942 | _cBOOK | ||